000 00417nmm a2200157 a 4500
003 AR-X00000XY
005 20251128212009.0
008 077020s1960 ||||||||||||||000 | spa||
040 _cAR-X00000XY
110 1 _aGalerie Gaveau
245 1 0 _aExposition les eaux fortes de Goya
_boctobre 1960 - janvier 1961
260 _aParis
_bImprimerie A. Nory
_c1960
300 0 _a50 p.
_bil.
942 _cBK
998 _cmartin
999 _c21981
_d21981